000 00785nam a2200253 4500
001 178868
003 ES-MaACL
005 20230909103135.0
008 110721s2010 sp |||| |dspa d
020 _a978-84-92770-27-4
080 _a821.134.2-14"19"
080 _a232(0:82)
100 1 _aPrieto, José María.
_9137530
245 1 0 _aJesús nunca fue cristiano /
_cJosé M. Prieto.
250 _a1ª ed.
260 _aMadrid :
_bVitruvio,
_c2010.
300 _a153 p. ;
_c21 cm.
504 _aBibliografía: p. 18-19.
600 0 7 _aJesucristo-
_vPoesías.
_9147414
852 _aES-MaACL
_jA-11420
_9185733
_bR.145792
_cDEPO1
_dOlim: N-4424
_xDonación: José M. Prieto
903 _9137530
_aPrieto, José María
_ednr
942 _2udc
_cMONOGRAFIA
999 _c178868
_d178868